00864nam a2200241 a 450000100060000000300080000600500170001400800410003103500190007204000270009104100080011808200240012610000290015024501400017926000460031930000280036550400270039365000180042065000260043894200120046499900170047695201290049372179BD-RjUL20211209082224.0170514s1959 enka b 000 0 eng  a(BD-RjUL)72395 aDLCcNhDdBD-RjULbeng aeng 223a661.4bHAE 19591 aHardie, D. W. F.921345610aElectrolytic manufacture of chemicals from salt :bPublished under the auspices of Imperial Chemical Industries Ltd. /cD. W. F. Hardie aLondon :bOxford University Press,c1959. a73 p. :bill. ;c23 cm. aIncludes bibliography. 0aSalt.9209904 0aElectrolysis.9213457 2ddccBK c72179d72179 00102ddc40718NFICaRUCLbRUCLcReadingd1976-05-12eB.N.B.Cl0o661.4 HAE 1959r2017-05-14 00:00:00tC-1w2017-05-14yBK